Hodnotenie finančného hospodárenia okresných miest SR za roky 2014-2018
Výsledky výskumu v oblasti finančného hospodárenia slovenských okresných miest za obdobie 2014-2018. Minulé riadenie vybranej vzorky výskumných objektov prostredníctvom vybraných kvantitatívnych ukazovateľov benchmarkového charakteru, ako aj objavenie pozitívnych a negatívnych faktorov, ktoré mali v...
Na minha lista:
| Autor principal: | |
|---|---|
| Formato: | Capítulo de Livro |
| Idioma: | eslovaco |
| Assuntos: | |
| Tags: |
Sem tags, seja o primeiro a adicionar uma tag!
|
MARC
| LEADER | 00000naa a2200000 4500 | ||
|---|---|---|---|
| 001 | 0277924 | ||
| 005 | 20210820085359.3 | ||
| 041 | 0 | |a slo | |
| 044 | |a SK | ||
| 245 | 1 | 0 | |a Hodnotenie finančného hospodárenia okresných miest SR za roky 2014-2018 |c Lucia Rožová |
| 520 | |a Výsledky výskumu v oblasti finančného hospodárenia slovenských okresných miest za obdobie 2014-2018. Minulé riadenie vybranej vzorky výskumných objektov prostredníctvom vybraných kvantitatívnych ukazovateľov benchmarkového charakteru, ako aj objavenie pozitívnych a negatívnych faktorov, ktoré mali významný vplyv na celkové riadenie. Dobre vykonaná finančná analýza by mala klásť dôraz predovšetkým na elimináciu účinkov negatívnych faktorov a zároveň podporovať pozitívne efekty na manažment miestnych jednotiek. | ||
| 610 | 2 | 0 | |a správa miestna |
| 610 | 2 | 0 | |a riadenie finančné |
| 610 | 2 | 0 | |a mestá |
| 610 | 2 | 0 | |a okresy |
| 610 | 2 | 0 | |a manažment finančný |
| 100 | 1 | |a Rožová, Lucia | |